[Event "World Chess Cup"]
[Site "Khanty-Mansiysk/Russia"]
[Date "2009.11.23"]
[Round "1.3"]
[White "Shabalov, Alexander"]
[Black "Baklan, Vladimir"]
[Result "0-1"]
[WhiteElo "2606"]
[BlackElo "2655"]
[Annotator "Ñåðãåé Øèïîâ"]
[PlyCount "24"]
[EventDate "2009.??.??"]
[TimeControl "1500+10"]

{Óäèâèòåëüíûé êóðüåç ñëó÷èëñÿ ñ áîëüøèì çíàòîêîì ñèöèëèàíñêîé çàùèòû. Áåëûìè
ïðîèãðàòü â 12 õîäîâ - òàêîå è ïðåäñòàâèòü áûëî òðóäíî.} 1. e4 c5 2. Nf3 d6 3.
d4 cxd4 4. Nxd4 Nf6 5. Nc3 a6 6. Bg5 e6 7. Qe2 $5 {Ìîäíîå ðàñïîëîæåíèå ôåðçÿ.
Îí íå áóäåò ìåøàòü ñâîé ëàäüå àòàêîâàòü ñ d1.  Íî åñòü è îäèí íåäîñòàòîê... Òî
åñòü äâà! Ïåðâûé - îðãàíè÷åíèå ñëîíà f1. Âòîðîé áûë ïîêàçàí â ïàðòèè.} h6 8.
Bh4 Be7 9. O-O-O Nxe4 $1 {
Âîò îí. ×åðíûå óñïåâàþò ïðîâåñòè ñòàíäàðòíóþ ðàçãðóçî÷íóþ êîìáèíàöèþ.}
10. Bxe7 ({Íå îïàñíî} 10. Qxe4 Bxh4 11. Nf5 {ââèäó} Qg5+ $1 12. Kb1 Qxf5 13.
Qxh4 d5) 10... Nxc3 {Äèàãðàììà #} 11. Qc4 $2 {×ðåçìåðíî òâîð÷åñêèé ïîäõîä.} (
{Ê ðàâíîìó îêîí÷àíèþ âåëî} 11. Bxd8 Nxe2+ 12. Nxe2 Kxd8 13. Rxd6+ Kc7) 11...
Nxa2+ $1 {Êàìèêàäçå óñïåë ìíîãèõ âðàãîâ óíåñòè â ñâîþ ìîãèëó.} 12. Qxa2 ({
Íåìíîãèì ëó÷øå} 12. Kb1 Kxe7 13. Qxa2 Qb6) 12... Qxe7 {È çäåñü Àëåêñàíäð,
÷òî íàçûâàåòñÿ, "ïîäñ÷èòàë è ïðîñëåçèëñÿ". Äâóõ ïåøåê íåò, êîìïåíñàöèè -
òîæå. È ÷òîáû ñèë íå òðàòèòü çðÿ, ñðàçó ñäàëñÿ.  Íî áîðüáó â ìàò÷å
ïðîäîëæèë! Â òîì ÷èñëå è â ýòîì âàðèàíòå...} 0-1

[Event "World Chess Cup"]
[Site "Khanty-Mansiysk/Russia"]
[Date "2009.11.23"]
[Round "1.4"]
[White "Naiditsch, Arkadij"]
[Black "Hou, Yifan"]
[Result "0-1"]
[WhiteElo "2689"]
[BlackElo "2588"]
[Annotator "Ñåðãåé Øèïîâ"]
[PlyCount "116"]
[EventDate "2009.??.??"]
[TimeControl "1500+10"]

{Ïåðåä âàìè îäíà èç ñàìûõ èíòåðåñíûõ ïàðòèé âñåãî èãðîâîãî äíÿ.} 1. e4 c5 2.
Nf3 e6 3. d4 cxd4 4. Nxd4 Nf6 5. Nc3 d6 6. Be3 a6 7. f3 Be7 8. Qd2 Nc6 9. O-O-O
O-O 10. g4 Nd7 11. h4 Nxd4 12. Bxd4 b5 13. g5 b4 14. Na4 Bb7 15. g6 $5 {
Èäåéíàÿ æåðòâà ïåøêè â äóõå êëàññèêîâ ñåðåäèíû 20-ãî âåêà.} ({Íà} 15. Qxb4 {
èãðàþò} Bc6 $1 {ñ èíèöèàòèâîé ó ÷åðíûõ çà ïåøêó.}) 15... Bc6 $1 16. gxf7+ {
Íîâèíêà.} ({Ïàðòèÿ Cubas,J - Milos,G /Sao Paulo 2004 èçîáèëîâàëà îøèáêàìè
ëåãêîé è ñðåäíåé òÿæåñòè - è íå äàëà îòâåòû íà ïîñòàâëåííûå âîïðîñû:} 16. h5
Bg5 17. f4 Bh6 18. Qxb4 Bxf4+ 19. Kb1 Rb8 20. gxf7+ Kxf7 21. Qa3 Bxe4 22. Rg1
Ne5 23. Nc3 Bf5 24. Qxa6 Qc7 25. Be2 Kg8 26. a4 Rb4 27. a5 Be3 28. Bxe3 Qxc3 {
0-1.}) 16... Rxf7 17. Bc4 $1 {Î÷åíü èíòåðåñíûé, òâîð÷åñêèé ïîäõîä. Âîçëîæèâ
íà à4 æåðòâåííîãî êîíÿ, áåëûå ýíåðãè÷íî âñêðûâàþò ëèíèè äëÿ àòàêè.} d5 ({
Â âàðèàíòå} 17... Bxa4 18. Bxe6 Qe8 19. Qxb4 $1 {
áåëûå èçðÿäíî çàïàñàëèñü ìàòåðèàëîì.}) 18. exd5 exd5 19. Bb3 Qa5 20. Rhg1 {
Ó ÷åðíûõ óÿçâèìû ïóíêòû g7 è d5. Çåâíóòü óäàðû ïðîùå ïðîñòîãî. Ñóäÿ ïî
ñêîðîñòè èãðû, Íàéäè÷ èçó÷àë äàííóþ èäåþ äîìà. Íî Õîó Èôàíü ñóìåëà
ðàçîáðàòüñÿ â îñëîæíåíèÿõ çàäîñêîé!} Bf6 $1 ({Ìãíîâåííî ïðîèãðûâàëî} 20... Bxa4
$2 21. Bxg7 $1) 21. Rg5 $1 {Î÷åíü ÿðêî ñûãðàíî!} Bxg5 ({
Íåïðîñòî ïðîäîëæèòü àòàêó áåëûõ ïîñëå} 21... Re8 22. Rdg1 Bxg5 23. Qxg5 Ree7)
22. Qxg5 h6 (22... Re8 $5) 23. Qg6 Bxa4 24. Rg1 Nf6 $1 {
×åòêîå îïðîâåðæåíèå àçàðòíîãî íàòèñêà áåëûõ.} ({Â ñëó÷àå} 24... Nf8 25. Qxg7+
Rxg7 26. Rxg7+ Kh8 {
«ìåëüíèöà» íå äàâàëà áåëûì áîëüøå, ÷åì ðàâåíñòâà âå÷íûì øàõîì.}) 25. Bxf6
Raa7 $1 26. Bd4 Rae7 {Áåëûå íå â ñèëàõ óñèëèòü äàâëåíèå, à êà÷åñòâà íåò.
Òåõíè÷åñêàÿ ñòàäèÿ ïàðòèÿ ïðåâðàòèëàñü â âåñåëûé òðèëëåð ïî ïðè÷èíå
æåñòî÷àéøåãî öåéòíîòà ÷åðíûõ. È âñå-òàêè îíè âûèãðàëè!} 27. Kb1 Bxb3 28. axb3
Qb5 29. Qd6 a5 30. h5 Qd7 31. Qb6 Qf5 32. Qxa5 Rc7 33. Rc1 Qxh5 34. Qxb4 Qxf3
35. Qb6 Qe4 36. Bc5 Kh7 37. b4 Rb7 38. Qa6 Qc4 39. Qe6 Rf1 40. b3 Rxc1+ 41.
Kxc1 Qf4+ 42. Kb1 Qe4 43. Qc6 Rf7 44. Qa6 Rf6 45. Qb5 h5 46. Kb2 h4 47. Qb8 h3
48. b5 Qg2 49. Bd6 Rf2 ({Ïðîùå} 49... Rxd6 $1 50. Qxd6 h2 $19) 50. Qe8 Rxc2+
51. Ka3 Ra2+ 52. Kb4 Qd2+ 53. Kc5 Qc3+ 54. Kb6 Qa5+ 55. Kc6 Qa8+ 56. Qxa8 Rxa8
57. Kc5 d4 58. b6 d3 0-1

[Event "World Chess Cup"]
[Site "Khanty-Mansiysk/Russia"]
[Date "2009.11.23"]
[Round "1.5"]
[White "Guseinov, Gadir"]
[Black "So, Wesley"]
[Result "0-1"]
[WhiteElo "2625"]
[BlackElo "2640"]
[Annotator "Ñåðãåé Øèïîâ"]
[PlyCount "64"]
[EventDate "2009.??.??"]
[TimeControl "1500+10"]

{Ôèëèïïèíñêèé þíîøà íà óäèâëåíèå ëåãêî âûèãðàë ìàò÷ ïî áûñòðûì øàõìàòàì ó
ñèëüíîãî ñîïåðíèêà. Âñå òðè ïàðòèè ïîëó÷èëèñü íà çàãëÿäåíüå. ß äëÿ
êîììåíòàðèÿ âûáðàë ïîñëåäíþþ.} 1. e4 c5 2. Nf3 e6 3. d4 cxd4 4. Nxd4 Nc6 5.
Nc3 Qc7 6. g3 Nf6 7. Bg2 a6 8. O-O Be7 9. Be3 O-O 10. f4 d6 11. Kh1 Bd7 12. Nb3
b5 13. a3 b4 14. axb4 Nxb4 15. g4 h6 16. Nd4 Rab8 17. h4 {Íàñòóïëåíèå áåëûõ
ïåøåê ñìîòðèòñÿ ãðîçíî. Êòî áû ìîã ïîäóìàòü, ÷òî âñêîðå ðåøàþùóþ àòàêó
ïîëó÷àò ÷åðíûå?} h5 $1 {Ãðàìîòíûé âñòðå÷íûé óäàð.} 18. gxh5 {
Ïóñêàòü ÷åðíîãî ñêàêóíà íà g4, ðàçóìååòñÿ, áûëî íåõîðîøî.} Rfc8 19. Bf3 {
Ñëèøêîì ìåäëåííî.} ({Ñëåäîâàëî ïîñïåøèòü ñ âñêðûòèåì ëèíèé:} 19. h6 $1 {
, ïîñëå ÷åãî ÷åðíûå âûíóæäåíû áðàòü íà h6, òàê êàê íà} g6 $2 {çàãîòîâëåíî}
20. f5) 19... e5 $1 {Ìåòêèé êîíòðóäàð, ÷åðíûå ïåðåõâàòûâàþò èíèöèòàòèâó.} 20.
fxe5 ({Íà} 20. Nb3 {ñëåäîâàëî çóáîäðîáèòåëüíîå} d5 $1) 20... dxe5 21. Nf5 {
Ïóñêàÿñü âî âñå òÿæêèå.} ({Íà} 21. Nde2 {íåïðèÿòíî} Ng4 $1) ({
Ïîñëåäíèé øàíñ áîðîòüñÿ íà ðàâíûõ çàêëþ÷àëñÿ â} 21. Nb3 Be6 22. Rg1 $1) 21...
Bxf5 22. exf5 e4 $1 {Åñòåñòâåííî. Âñêðûòèå öåíòðà äàåò ÷åðíûì ñèëüíóþ àòàêó.
Áåëûé êîðîëü ïðèñêîðáíî ñëàá.} 23. Bg2 ({Êîíå÷íî, íå} 23. Nxe4 $2 Nxc2) 23...
Qg3 24. Bf2 Qe5 {Ñòðîèòåëüñòâî ñìåðòåëüíîé áàòàðåè â ñàìîì ðàçãàðå.} ({
Òîí÷àéøèé ðåñóðñ} 24... Qf4 $1 25. Qc1 e3 $3 {ÿâíî íå äëÿ áûñòðûõ øàõìàò.})
25. Bg1 ({Óíûëîå ïîâòîðåíèå õîäîâ} 25. Bd4 Qg3 26. Bf2 {
íå ïîäõîäèëî ïî ñïîðòèâíîé ñèòóàöèè (0-2).}) 25... Bd6 26. Rc1 Rc4 {
Ëàäüÿ ìåòèò íà h4.} 27. Qe2 Rbc8 28. Qe3 {Íå ëó÷øå âñåõ îñòàëüíûõ õîäîâ.} Nxh5
29. Ne2 Rxc2 30. Rxc2 Rxc2 31. Qg5 {È â çàêëþ÷åíèå ñëåäóåò óäàð ìàòàäîðà.}
Rxe2 $1 32. Qxh5 Rxg2 $1 {Áåëûå ñäàëèñü.} 0-1

[Event "World Cup 2009"]
[Site "0:25.10-0:25.10"]
[Date "2009.11.23"]
[Round "15"]
[White "Khalifman, Alexander"]
[Black "Fier, Alexandr"]
[Result "1-0"]
[WhiteElo "2612"]
[BlackElo "2653"]
[Annotator "Ñåðãåé Øèïîâ"]
[PlyCount "109"]
[EventDate "2009.??.??"]

1. d4 d5 2. c4 c6 3. Nf3 e6 4. g3 Nf6 5. Qc2 Bb4+ 6. Nbd2 O-O 7. Bg2 Ne4 8. O-O
Nxd2 9. Bxd2 Bxd2 10. Nxd2 dxc4 11. e3 Nd7 12. Nxc4 Qe7 13. Rfd1 Nb6 14. Ne5
Nd7 15. Rd2 f6 16. Nd3 Rd8 17. Rad1 Nf8 18. Qc5 Qf7 19. b4 Bd7 20. Qc3 Be8 21.
a4 Rac8 22. a5 Ng6 23. e4 b6 24. Bh3 Bd7 25. Nb2 Qe7 26. axb6 axb6 27. Nc4 Rb8
28. Bg2 b5 29. Na5 {Ñêîëüêî íèòî÷êå íè âèòüñÿ, à âåñü ìàò÷ äåëàòü îäíè ëèøü
íè÷üè î÷åíü òðóäíî. Îïûòíûé ðîññèÿíèí äîæäàëñÿ-òàêè, êîãäà ñîïåðíèê äàñò
ñëàáèíêó. Äèàãðàììà #} e5 {
Êàê ìèíèìóì, ñìåëî ñûãðàíî. Âïðî÷åì, ïîçèöèÿ áûëà äîâîëüíî íåïðèÿòíîé.} 30.
Qc5 Qe8 {Çäåñü áîëüøîé ïåðåâåñ îáåùàë áàíàëüíûé ðàçìåí íà e5, íî Àëåêñàíäð
ðåøèë íå îòâëåêàòüñÿ îò ãëàâíîãî òðàêòà.} 31. d5 cxd5 {
Âèäèìî, áàíàëüíûé ïðîñ÷åò.} ({Ïîääåðæàòü ïàäàþùèå ñòåíû ìîæíî áûëî ïóòåì} 
31... Rdc8 $1) 32. Qxd5+ $1 Kh8 33. Nc6 $1 {
Ñòîòîííûé ïðåññ ïî âåðòèêàëè "d" ðàñïëþùèâàåò îáîðîíó ÷åðíûõ.} Ne7 {
Îñòðîóìíî, íî íåäîñòàòî÷íî.} 34. Nxe7 Qxe7 35. Bh3 $1 {
Ïðèãîâîðåííûì íå óáåæàòü.} Qxb4 ({Â ñëó÷àå} 35... Be8 36. Qxd8 Rxd8 37. Rxd8 {
ðåøàëà ñâÿçêà ñëîíà e8. Íàïðèìåð,} g6 (37... h5 38. Bf5 $1) 38. R1d7 Qf8 39.
Be6 {è ò.ä.}) 36. Bxd7 {Ñ ëèøíåé ôèãóðîé èãðà áåëûõ ïðîñòà.} Qc3 37. Qc6 Qa5
38. Qc5 Qa4 39. Qc7 Rf8 40. Bf5 Qa8 41. Rd7 Rg8 42. Be6 Rgc8 43. Qd6 Re8 44.
Bf7 Rf8 45. Bd5 Qa4 46. Rc1 h5 47. Rcc7 Qd1+ 48. Kg2 Qg4 49. Rxg7 Qxg7 50. Rxg7
Kxg7 51. Qe7+ Kh6 52. Be6 Rbe8 53. Qd7 b4 54. Bf5 Rh8 55. Qf7 1-0